000 01618nam a22003730a 4500
001 PT21650
003 AR-LpoUNG
005 20210516202815.0
008 191001s2003||||ag |||||||||||||||||spa d
037 _c$7.63
040 _aAR-LpoUNG
_bspa
_cAR-LpoUNG
_eaacr
041 _aspa
044 _aag
082 0 _a418.4 665con
245 1 0 _aCongreso de Promoción de la Lectura y el Libro 2003-2004 :
_bconferencias, ponencias, conclusiones y recomendaciones
250 _a1ra. ed.
260 _aBuenos Aires :
_bFundación El Libro,
_c2003.
300 _a254 p. :
_bil., tbls., gráfs.
520 _a<p>Surge con la intenci&oacute;n de socializar la experiencia compartida entre el equipo de trabajo, las chicas y los chicos que viven pobrezas m&uacute;ltiples, sus familias, docentes, educadores y educadoras populares. Comprende el per&iacute;odo que va dede la presentaci&oacute;n del proyecto, con la presencia de Graciela Montes, en el mes de agosto del 2001 hasta la participaci&oacute;n en centros de evacuados durante las inundaciones padecidas en los meses de abril y mayo del 2003.</p>
650 4 _aALFABETIZACION
650 4 _aANALFABETISMO
650 4 _aEDUCACION BASICA
650 4 _aEDUCACION NO ESCOLAR
650 4 _aENSEÑANZA
650 4 _aESCRITURA
650 4 _aLECTURA
653 _aALFABETIZADORES
653 _aPROMOCION DE LA LECTURA
710 2 _aArgentina. Ministerio de Educación, Ciencia y Tecnología
710 2 _aFundación El Libro (Buenos Aires)
710 2 _aOrganización de Estados Iberoamericanos (Buenos Aires)
905 _a21650
942 _cLSALA
999 _c57323
_d57323